[Event "North American op 20th"]
[Site "Las Vegas"]
[Date "2010.12.28"]
[Round "5"]
[White "Lee, Michael"]
[Black "Adelberg, David"]
[Result "1-0"]
[WhiteElo "2392"]
[BlackElo "2191"]
[PlyCount "143"]
[EventDate "2010.12.26"]
[EventType "swiss"]
[EventRounds "7"]
[EventCountry "USA"]
[SourceTitle "CBM 140 Extra"]
[Source "ChessBase"]
[SourceDate "2011.03.01"]
[SourceVersion "1"]
[SourceVersionDate "2011.03.01"]
[SourceQuality "1"]

1. c4 Nf6 2. Nc3 c5 3. g3 e6 4. Nf3 b6 5. Bg2 Bb7 6. 0-0 Be7 7. Re1 d6 8. e4 a6 9. d4 cxd4 10. Nxd4 Qc7 11. Be3 Nbd7 12. Rc1 0-0 13. f4 h5 14. h3 Rfe8 15. b3 Rad8 16. Bf2 Bf8 17. Nf3 g6 18. Nh4 Bg7 19. Bf3 Ba8 20. Ng2 Qb8 21. a4 e5 22. Nd5 exf4 23. gxf4 Nc5 24. Bh4 Bxd5 25. cxd5 a5 26. Re3 Rc8 27. Qe2 Nfd7 28. Rd1 b5 29. axb5 Qb6 30. Kh1 Rb8 31. Bg3 Qxb5 32. Qe1 Qb4 33. e5 Qxe1+ 34. Rdxe1 Rxb3 35. e6 Rxe3 36. Rxe3 fxe6 37. dxe6 Nf6 38. Bh4 Kf8 39. f5 gxf5 40. Nf4 Bh6 41. Bxf6 Bxf4 42. e7+ Kf7 43. Bh4 Bxe3 44. Bxh5+ Kg7 45. Bxe8 Ne6 46. Ba4 Nc7 47. e8Q Nxe8 48. Bxe8 d5 49. Bc6 d4 50. Be1 d3 51. Bxa5 d2 52. Ba4 Kg6 53. Kg2 Bg5 54. Bd1 Be3 55. Kf3 Bg5 56. Bb6 Bh6 57. Bf2 Bg5 58. Ke2 Bf4 59. Kd3 Bg5 60. Kd4 Kf6 61. Kd5 Bf4 62. h4 Bh6 63. Bd4+ Kg6 64. Ke6 Bf4 65. h5+ Kh7 66. Kxf5 Bh6 67. Bc5 Bg7 68. Bb4 Bh6 69. Kf6 Be3 70. Kf7 Bf4 71. Bf8 Bh6 72. Bc2+ 1-0

[Event "Wch U14"]
[Site "Porto Carras"]
[Date "2010.10.27"]
[Round "8"]
[White "Adelberg, David"]
[Black "Alekseenko, Kirill"]
[Result "0-1"]
[WhiteElo "2201"]
[BlackElo "2284"]
[PlyCount "136"]
[EventDate "2010.10.20"]
[EventType "swiss"]
[EventRounds "11"]
[EventCountry "GRE"]
[SourceTitle "EXT 2011"]
[Source "ChessBase"]
[SourceDate "2010.11.26"]
[SourceVersion "1"]
[SourceVersionDate "2010.11.26"]
[SourceQuality "1"]

1. d4 Nf6 2. c4 e6 3. Nf3 b6 4. g3 Ba6 5. b3 Bb4+ 6. Bd2 Be7 7. Bg2 d5 8. cxd5 exd5 9. 0-0 0-0 10. Nc3 Bb7 11. Bf4 Nbd7 12. Ne5 Re8 13. Rc1 c6 14. Qc2 Nh5 15. Qf5 Nxe5 16. Qxh5 Ng6 17. Bd2 Nf8 18. Rfd1 g6 19. Qf3 f5 20. Qd3 Ne6 21. Rb1 a5 22. Bc1 h5 23. a3 Bf6 24. e3 Ba6 25. Qc2 h4 26. b4 hxg3 27. hxg3 axb4 28. axb4 Nc7 29. Kh2 Kg7 30. Rh1 Bc4 31. Bb2 Rh8+ 32. Kg1 Rxh1+ 33. Bxh1 b5 34. Ne2 Be7 35. Bc3 Ra2 36. Rb2 Ra1+ 37. Nc1 Qa8 38. Bf3 Qa3 39. Kg2 Qa8 40. Bd1 Ne6 41. Nb3 Bxb3 42. Rxb3 Ra6 43. f4 Nc7 44. g4 Kf6 45. Qf2 Qh8 46. Be1 Ke6 47. Rb2 Ne8 48. Ra2 Rxa2 49. Qxa2 Nc7 50. Qa7 Kd7 51. Qa1 Qf8 52. Be2 Bxb4 53. Bxb4 Qxb4 54. Qc1 Ne8 55. Qh1 Qe7 56. Qh3 Nd6 57. Bd3 Qf7 58. Kf3 Kc7 59. Qh1 Kb7 60. Qg2 Kb6 61. g5 Qa7 62. Qc2 Qa3 63. Kg2 b4 64. Kf3 b3 65. Qb1 Nb5 66. Bxf5 gxf5 67. Qxf5 b2 68. g6 Nxd4+ 0-1

[Event "Wch U14"]
[Site "Porto Carras"]
[Date "2010.10.26"]
[Round "7"]
[White "Drozdowski, Kacper"]
[Black "Adelberg, David"]
[Result "1/2-1/2"]
[WhiteElo "2303"]
[BlackElo "2201"]
[PlyCount "121"]
[EventDate "2010.10.20"]
[EventType "swiss"]
[EventRounds "11"]
[EventCountry "GRE"]
[SourceTitle "EXT 2011"]
[Source "ChessBase"]
[SourceDate "2010.11.26"]
[SourceVersion "1"]
[SourceVersionDate "2010.11.26"]
[SourceQuality "1"]

1. e4 c5 2. Nf3 d6 3. d4 cxd4 4. Qxd4 a6 5. c4 Nc6 6. Qe3 Nf6 7. h3 e6 8. Be2 Be7 9. 0-0 0-0 10. Nc3 Qc7 11. b3 Re8 12. Bb2 b6 13. Rac1 Ne5 14. Nd4 Bb7 15. Rfd1 Bf8 16. Bf1 Rad8 17. Nde2 Ned7 18. Qf4 Qb8 19. Ng3 Ne5 20. Na4 Bc6 21. Nc3 Ng6 22. Qf3 Qa8 23. Qe3 Qb8 24. Qd3 Bb7 25. Qc2 d5 26. cxd5 exd5 27. exd5 Nxd5 28. Nxd5 Bxd5 29. Qc3 b5 30. Nf5 b4 31. Qc7 Qxc7 32. Rxc7 Be6 33. Rxd8 Rxd8 34. Nd4 Bd5 35. Ra7 Bc5 36. Rc7 Bb6 37. Rc1 Bb7 38. Rc4 a5 39. Nc6 Rd1 40. g3 h6 41. Bd4 Bxd4 42. Rxd4 Rxd4 43. Nxd4 Ne7 44. f4 Be4 45. Kf2 Nd5 46. Nc6 Nc3 47. Nxa5 Nxa2 48. Ke3 Bd5 49. Kd4 Be6 50. Kc5 g5 51. h4 gxf4 52. gxf4 Kg7 53. Bc4 Kf6 54. Nc6 Kf5 55. Nxb4 Nc1 56. Nd5 Bxd5 57. Kxd5 Na2 58. Kd6 f6 59. Ke7 Kxf4 60. Kxf6 Kg4 61. Kg6 1/2-1/2

[Event "Wch U14"]
[Site "Porto Carras"]
[Date "2010.10.24"]
[Round "6"]
[White "Ivekovic, Bozidar1111"]
[Black "Adelberg, David"]
[Result "0-1"]
[WhiteElo "2089"]
[BlackElo "2201"]
[PlyCount "54"]
[EventDate "2010.10.20"]
[EventType "swiss"]
[EventRounds "11"]
[EventCountry "GRE"]
[SourceTitle "EXT 2011"]
[Source "ChessBase"]
[SourceDate "2010.11.26"]
[SourceVersion "1"]
[SourceVersionDate "2010.11.26"]
[SourceQuality "1"]

1. e4 c5 2. Nf3 d6 3. d4 cxd4 4. Nxd4 Nf6 5. Nc3 a6 6. Bg5 e6 7. f4 Be7 8. Qf3 Qc7 9. 0-0-0 Nbd7 10. g4 b5 11. Bxf6 Nxf6 12. g5 Nd7 13. Kb1 b4 14. Nce2 Nc5 15. Bh3 0-0 16. Rhg1 Re8 17. f5 Bf8 18. Rdf1 e5 19. Nb3 Bb7 20. Nxc5 Qxc5 21. g6 f6 22. gxh7+ Kh8 23. Qb3 d5 24. Bg2 a5 25. exd5 Ba6 26. Qf3 a4 27. Qh5 a3 0-1

[Event "Wch U14"]
[Site "Porto Carras"]
[Date "2010.10.23"]
[Round "4"]
[White "Bortnyk, Olexandr"]
[Black "Adelberg, David"]
[Result "1-0"]
[WhiteElo "2302"]
[BlackElo "2201"]
[PlyCount "39"]
[EventDate "2010.10.20"]
[EventType "swiss"]
[EventRounds "11"]
[EventCountry "GRE"]
[SourceTitle "EXT 2011"]
[Source "ChessBase"]
[SourceDate "2010.11.26"]
[SourceVersion "1"]
[SourceVersionDate "2010.11.26"]
[SourceQuality "1"]

1. e4 c5 2. b4 cxb4 3. a3 d5 4. exd5 Qxd5 5. Nf3 e5 6. c4 Qe6 7. Bb2 Nc6 8. Bd3 f6 9. 0-0 Qf7 10. Re1 Bc5 11. Be4 Nge7 12. d4 exd4 13. Bd5 Qh5 14. Qa4 bxa3 15. Nxa3 Bd7 16. Qb5 Bxa3 17. Bxa3 Ne5 18. Qxb7 Rd8 19. Nxe5 fxe5 20. f4 1-0

[Event "USA tt"]
[Site "ICC INT"]
[Date "2010.10.04"]
[Round "7"]
[White "Adelberg, David"]
[Black "Liou, Yian"]
[Result "1/2-1/2"]
[WhiteElo "2216"]
[BlackElo "2211"]
[PlyCount "131"]
[EventDate "2010.08.23"]
[EventType "team"]
[EventRounds "10"]
[EventCountry "USA"]
[SourceTitle "CBM 138 Extra"]
[Source "ChessBase"]
[SourceDate "2010.10.29"]
[SourceVersion "1"]
[SourceVersionDate "2010.10.29"]
[SourceQuality "1"]

1. d4 d5 2. c4 c6 3. Nf3 Nf6 4. e3 a6 5. Bd3 Bg4 6. Nbd2 Nbd7 7. h3 Bh5 8. Qc2 e6 9. b3 Be7 10. 0-0 0-0 11. Bb2 Rc8 12. Ng5 Bg6 13. Bxg6 hxg6 14. e4 c5 15. e5 Ne8 16. Ngf3 cxd4 17. Bxd4 Nc7 18. Qd3 Bc5 19. Qe3 Qe7 20. Rab1 Bxd4 21. Nxd4 Rfd8 22. Rfd1 Qa3 23. Rbc1 Qa5 24. f4 Qb6 25. a3 a5 26. Qf2 Qa7 27. b4 axb4 28. axb4 dxc4 29. Nxc4 Nd5 30. Nd6 Rxc1 31. Rxc1 Nxb4 32. Rc7 Nd3 33. Qe3 Qa1+ 34. Kh2 N3c5 35. Nb3 Nxb3 36. Qxb3 Nxe5 37. Ne4 Nd7 38. Qxb7 Qd4 39. Ng3 Qd6 40. Qa7 Kh8 41. Qa5 Rf8 42. Qa7 Rd8 43. Qa5 Rf8 44. Qa7 Nf6 45. Rxf7 Rxf7 46. Qxf7 Qxf4 47. Qxe6 Kh7 48. Qe2 Nh5 49. Qf3 Qd6 50. Qg4 Qe5 51. Qh4 Kh6 52. Qg4 Qc7 53. Qh4 Kh7 54. Qg4 Qd6 55. Qh4 Kg8 56. Qg4 Kf7 57. Qf3+ Ke7 58. Qe3+ Kd8 59. Qg5+ Kc8 60. Qg4+ Kb8 61. Qf3 Ka7 62. Qe3+ Ka6 63. Qe2+ Kb6 64. Qe3+ Kb7 65. Qe4+ Kb8 66. Qf3 1/2-1/2

[Event "USA tt"]
[Site "ICC INT"]
[Date "2010.09.13"]
[Round "4"]
[White "Adelberg, David"]
[Black "Bayaraa, Zorigt"]
[Result "1-0"]
[WhiteElo "2216"]
[BlackElo "2193"]
[PlyCount "111"]
[EventDate "2010.08.23"]
[EventType "team"]
[EventRounds "10"]
[EventCountry "USA"]
[SourceTitle "CBM 138 Extra"]
[Source "ChessBase"]
[SourceDate "2010.10.29"]
[SourceVersion "1"]
[SourceVersionDate "2010.10.29"]
[SourceQuality "1"]

1. d4 d5 2. c4 e6 3. Nf3 Nf6 4. g3 Be7 5. Bg2 c6 6. 0-0 0-0 7. Qc2 Nbd7 8. b3 c5 9. Bb2 b6 10. cxd5 exd5 11. Nc3 Bb7 12. Rac1 Rc8 13. Rfd1 Qc7 14. Qb1 Qb8 15. Nh4 cxd4 16. Nf5 Bc5 17. Nxd4 Rfe8 18. Qa1 a6 19. Nf5 Qe5 20. Qb1 Qe6 21. e3 Ne5 22. Ne2 Ne4 23. Nfd4 Qh6 24. h3 Qf6 25. f3 Nd6 26. f4 Nd7 27. Rd3 Qe7 28. Nc3 Nf6 29. Re1 Nfe4 30. Nxe4 Nxe4 31. Nf5 Qd7 32. Nxg7 Nxg3 33. Nxe8 Rxe8 34. Ba1 Re6 35. b4 Be7 36. e4 Rg6 37. f5 Rg5 38. Kh2 Nh5 39. Qb2 f6 40. Qd2 Qc7+ 41. e5 Qc4 42. exf6 Bd6+ 43. Be5 Bxe5+ 44. Rxe5 Nf4 45. Rd4 Rxg2+ 46. Qxg2+ Nxg2 47. Rxc4 dxc4 48. Re8+ Kf7 49. Re7+ Kxf6 50. Rxb7 Ne3 51. Rxb6+ Kxf5 52. Rxa6 c3 53. Rc6 c2 54. b5 Ke5 55. b6 Kd5 56. Rxc2 1-0

[Event "Mesa Copper State-B"]
[Site "Mesa"]
[Date "2010.06.04"]
[Round "2"]
[White "Adelberg, David"]
[Black "Panchanathan, Magesh Chandran"]
[Result "0-1"]
[WhiteElo "2186"]
[BlackElo "2549"]
[PlyCount "82"]
[EventDate "2010.06.04"]
[EventType "swiss"]
[EventRounds "9"]
[EventCountry "USA"]
[SourceTitle "CBM 136 Extra"]
[Source "ChessBase"]
[SourceDate "2010.07.02"]
[SourceVersion "2"]
[SourceVersionDate "2010.07.15"]
[SourceQuality "1"]

1. d4 Nf6 2. c4 e6 3. Nf3 b6 4. g3 Bb7 5. Bg2 Be7 6. Nc3 Ne4 7. Bd2 Bf6 8. 0-0 0-0 9. Rc1 Nxd2 10. Qxd2 d6 11. e4 c5 12. d5 e5 13. Ne1 Na6 14. f4 Nc7 15. a4 Bc8 16. Nf3 Rb8 17. f5 a6 18. Rb1 Bd7 19. Qf2 b5 20. g4 h5 21. gxh5 bxa4 22. Qd2 Kh7 23. Rf2 Rh8 24. h6 gxh6 25. Kh1 Rg8 26. Bf1 Bg5 27. Qc2 Be3 28. Re2 Bd4 29. Nxa4 Qh4 30. Bg2 Qh5 31. Nxd4 cxd4 32. Rd2 Rb4 33. b3 Rgb8 34. Rdd1 Ne8 35. h3 Nf6 36. c5 Bxa4 37. bxa4 dxc5 38. Rxb4 Rxb4 39. Rg1 c4 40. Bf1 Qf3+ 41. Kh2 c3 0-1

[Event "Wch U14"]
[Site "Kemer"]
[Date "2009.11.22"]
[Round "11"]
[White "Makhmutov, Rail"]
[Black "Adelberg, David"]
[Result "1-0"]
[WhiteElo "2036"]
[BlackElo "2201"]
[PlyCount "77"]
[EventDate "2009.11.12"]
[EventType "swiss"]
[EventRounds "11"]
[EventCountry "TUR"]
[SourceTitle "EXT 2010"]
[Source "ChessBase"]
[SourceDate "2010.11.25"]
[SourceVersion "1"]
[SourceVersionDate "2010.11.25"]
[SourceQuality "1"]

1. e4 c5 2. Nf3 d6 3. c3 Nf6 4. Be2 g6 5. 0-0 Bg7 6. Re1 0-0 7. Bf1 Nc6 8. h3 e5 9. Na3 Re8 10. d3 h6 11. Nc2 d5 12. exd5 Nxd5 13. Ne3 Be6 14. Qc2 Qc7 15. a3 Rad8 16. Bd2 Nf4 17. b4 b6 18. Rad1 Bc8 19. Bc1 Bb7 20. Nd2 Qd7 21. Nb3 cxb4 22. axb4 Ba6 23. d4 Bxf1 24. Nxf1 Qc7 25. Bxf4 exf4 26. Rxe8+ Rxe8 27. Qd3 Ne7 28. c4 b5 29. c5 Nd5 30. Qxb5 Rb8 31. Qc4 Qc6 32. Na5 Qa4 33. Rc1 Nxb4 34. Nb3 Qc6 35. Nfd2 Qd5 36. c6 Qxc4 37. Rxc4 Nd5 38. Rc5 Rd8 39. Rxd5 1-0

[Event "Wch U14"]
[Site "Kemer"]
[Date "2009.11.12"]
[Round "1"]
[White "Gundogan, Cem"]
[Black "Adelberg, David"]
[Result "0-1"]
[WhiteElo "1819"]
[BlackElo "2201"]
[PlyCount "50"]
[EventDate "2009.11.12"]
[EventType "swiss"]
[EventRounds "11"]
[EventCountry "TUR"]
[SourceTitle "EXT 2010"]
[Source "ChessBase"]
[SourceDate "2010.11.25"]
[SourceVersion "1"]
[SourceVersionDate "2010.11.25"]
[SourceQuality "1"]

1. e4 c5 2. Nc3 e6 3. Bc4 Nc6 4. f4 Nge7 5. d3 d5 6. Bb5 d4 7. Nce2 Qa5+ 8. Bd2 Qxb5 9. Nf3 g6 10. 0-0 Bg7 11. Qe1 Qxb2 12. f5 exf5 13. exf5 Bxf5 14. Ng3 0-0 15. Bg5 Rae8 16. Qd2 f6 17. Bh6 Bxh6 18. Qxh6 Qxc2 19. Nh4 Bxd3 20. Rac1 Qxa2 21. Rfe1 Qf7 22. Rxc5 Nf5 23. Rxf5 Rxe1+ 24. Kf2 Bxf5 25. Nhxf5 Re5 0-1

[Event "USA tt"]
[Site "ICC INT"]
[Date "2009.09.28"]
[Round "5"]
[White "Bayaraa, Zorigt"]
[Black "Adelberg, David"]
[Result "0-1"]
[WhiteElo "2205"]
[BlackElo "2175"]
[PlyCount "54"]
[EventDate "2009.08.31"]
[EventType "team (rapid)"]
[EventRounds "10"]
[EventCountry "USA"]
[SourceTitle "CBM 132 Extra"]
[Source "ChessBase"]
[SourceDate "2009.11.03"]
[SourceVersion "1"]
[SourceVersionDate "2009.11.03"]
[SourceQuality "1"]

1. e4 c5 2. Nf3 d6 3. d4 cxd4 4. Nxd4 Nf6 5. Nc3 a6 6. Bg5 e6 7. f3 Be7 8. Qd2 b5 9. h4 Bb7 10. g4 Nbd7 11. 0-0-0 0-0 12. Be3 Nb6 13. Bd3 Nfd7 14. Qf2 Rc8 15. g5 Rxc3 16. bxc3 Qc7 17. Ne2 Na4 18. Rdg1 Ne5 19. Bd2 b4 20. c4 d5 21. Bf4 dxc4 22. Bxc4 Rc8 23. Bxe5 Qxe5 24. Bd3 Bc5 25. Qg3 Be3+ 26. Kd1 Qa1+ 27. Nc1 Nc3+ 0-1

[Event "Las Vegas National op"]
[Site "Las Vegas"]
[Date "2009.06.06"]
[Round "3"]
[White "Adelberg, David"]
[Black "Small, Gregg"]
[Result "0-1"]
[WhiteElo "2158"]
[BlackElo "2285"]
[PlyCount "68"]
[EventDate "2009.06.05"]
[EventType "swiss"]
[EventRounds "6"]
[EventCountry "USA"]
[SourceTitle "CBM 130 Extra"]
[Source "ChessBase"]
[SourceDate "2009.07.02"]
[SourceVersion "2"]
[SourceVersionDate "2009.07.15"]
[SourceQuality "1"]

1. d4 Nf6 2. c4 Nc6 3. Nf3 e6 4. g3 Bb4+ 5. Bd2 Qe7 6. Bg2 Bxd2+ 7. Nbxd2 d6 8. 0-0 a5 9. e4 e5 10. d5 Nb8 11. Ne1 0-0 12. Nd3 Na6 13. a3 c6 14. b4 cxd5 15. cxd5 axb4 16. axb4 Bg4 17. Bf3 Bd7 18. Qb3 Bb5 19. Be2 Rfc8 20. Rfc1 Qd8 21. Nf4 Nc7 22. Bxb5 Nxb5 23. Ne2 Rxc1+ 24. Rxc1 h5 25. Qb2 Qb6 26. Ra1 Rxa1+ 27. Qxa1 Ng4 28. Qe1 Nd4 29. Nxd4 exd4 30. Nf3 d3 31. Qd2 Qa6 32. Ne1 Qa1 33. Kg2 Qd4 34. Qxd3 Qxf2+ 0-1

[Event "Las Vegas National op"]
[Site "Las Vegas"]
[Date "2009.06.06"]
[Round "4"]
[White "Chakraborty, Dwijendra"]
[Black "Adelberg, David"]
[Result "1/2-1/2"]
[WhiteElo "2004"]
[BlackElo "2158"]
[PlyCount "39"]
[EventDate "2009.06.05"]
[EventType "swiss"]
[EventRounds "6"]
[EventCountry "USA"]
[SourceTitle "CBM 130 Extra"]
[Source "ChessBase"]
[SourceDate "2009.07.02"]
[SourceVersion "2"]
[SourceVersionDate "2009.07.15"]
[SourceQuality "1"]

1. e4 c5 2. Nf3 d6 3. Bb5+ Bd7 4. Bxd7+ Qxd7 5. c4 Nf6 6. Nc3 g6 7. 0-0 Bg7 8. d4 cxd4 9. Nxd4 0-0 10. f3 Rc8 11. b3 d5 12. exd5 Nxd5 13. Nxd5 e6 14. Be3 exd5 15. Rc1 dxc4 16. Rxc4 Rxc4 17. bxc4 Nc6 18. Nxc6 Qxc6 19. Qd5 Qa6 20. Rb1 1/2-1/2

[Event "Las Vegas National op"]
[Site "Las Vegas"]
[Date "2009.06.05"]
[Round "2"]
[White "Adelberg, David"]
[Black "Zepeda, Lorena"]
[Result "1/2-1/2"]
[WhiteElo "2158"]
[BlackElo "2179"]
[PlyCount "97"]
[EventDate "2009.06.05"]
[EventType "swiss"]
[EventRounds "6"]
[EventCountry "USA"]
[SourceTitle "CBM 130 Extra"]
[Source "ChessBase"]
[SourceDate "2009.07.02"]
[SourceVersion "2"]
[SourceVersionDate "2009.07.15"]
[SourceQuality "1"]

1. d4 d5 2. c4 c6 3. Nc3 Nf6 4. Nf3 a6 5. c5 Nbd7 6. h3 g6 7. Bf4 Bg7 8. e3 0-0 9. Be2 Ne4 10. Qc2 f5 11. 0-0 h6 12. Na4 g5 13. Be5 Nxe5 14. Nxe5 Be6 15. Nb6 Rb8 16. b4 Qe8 17. Bd3 Rd8 18. a4 h5 19. b5 axb5 20. axb5 g4 21. h4 g3 22. Bxe4 gxf2+ 23. Rxf2 fxe4 24. Ra7 Rxf2 25. Qxf2 Rb8 26. bxc6 Bxe5 27. dxe5 Qxc6 28. Ra5 Rf8 29. Qc2 Bg4 30. Qb3 Be6 31. Qd1 Rf5 32. Qd4 Kh7 33. Ra1 Bf7 34. Rf1 Rxf1+ 35. Kxf1 e6 36. Kf2 Kg6 37. Na4 Qc7 38. Qb2 Kf5 39. Kg1 Be8 40. Qa1 Qxe5 41. Nc3 d4 42. Ne2 dxe3 43. Qa8 Bg6 44. Qf8+ Kg4 45. Qe7 Qf5 46. Kh2 Bf7 47. Kh1 Qf1+ 48. Kh2 Qf5 49. Kh1 1/2-1/2

[Event "Las Vegas National op"]
[Site "Las Vegas"]
[Date "2009.06.05"]
[Round "1"]
[White "Bradford, Joseph M"]
[Black "Adelberg, David"]
[Result "1-0"]
[WhiteElo "2419"]
[BlackElo "2158"]
[PlyCount "57"]
[EventDate "2009.06.05"]
[EventType "swiss"]
[EventRounds "6"]
[EventCountry "USA"]
[SourceTitle "CBM 130 Extra"]
[Source "ChessBase"]
[SourceDate "2009.07.02"]
[SourceVersion "2"]
[SourceVersionDate "2009.07.15"]
[SourceQuality "1"]

1. c4 Nf6 2. Nf3 c5 3. g3 b6 4. Bg2 Bb7 5. Nc3 e6 6. 0-0 Be7 7. Re1 0-0 8. e4 d6 9. d4 cxd4 10. Nxd4 Qc7 11. Bg5 a6 12. Rc1 Nbd7 13. Nd5 exd5 14. cxd5 Qd8 15. Nc6 Bxc6 16. dxc6 Nc5 17. c7 Qc8 18. e5 dxe5 19. Bxa8 Qxa8 20. Rxe5 Ne6 21. Be3 Bc5 22. b4 Bxe3 23. Rxe3 Nd5 24. Qxd5 Qxd5 25. c8Q Rxc8 26. Rxc8+ Nf8 27. Ree8 Qd6 28. a3 a5 29. Rcd8 1-0

[Event "Mesa Copper State op"]
[Site "Mesa"]
[Date "2009.06.02"]
[Round "9"]
[White "MacKinnon, Keith"]
[Black "Adelberg, David"]
[Result "0-1"]
[WhiteElo "2145"]
[BlackElo "2158"]
[PlyCount "94"]
[EventDate "2009.05.29"]
[EventType "swiss"]
[EventRounds "10"]
[EventCountry "USA"]
[SourceTitle "CBM 130 Extra"]
[Source "ChessBase"]
[SourceDate "2009.07.02"]
[SourceVersion "2"]
[SourceVersionDate "2009.07.15"]
[SourceQuality "1"]

1. e4 c5 2. Nf3 d6 3. d4 cxd4 4. Nxd4 Nf6 5. Nc3 a6 6. Be3 e6 7. f3 b5 8. g4 Nfd7 9. Qd2 Nb6 10. a3 N8d7 11. Qf2 Bb7 12. 0-0-0 Rc8 13. Nb3 Rxc3 14. bxc3 Qc7 15. Bd4 d5 16. exd5 Nxd5 17. Bd3 e5 18. Rhe1 Be7 19. Be3 Nxc3 20. Kb2 Na4+ 21. Ka2 Nc3+ 22. Kb2 Nxd1+ 23. Rxd1 0-0 24. Bf5 Nf6 25. g5 Nd5 26. Bc5 Rd8 27. h4 a5 28. Be4 a4 29. Bxe7 Qxe7 30. Qc5 Qd7 31. Na5 Ba8 32. c4 bxc4 33. Nxc4 Qb7+ 34. Kc1 Qa6 35. Bxd5 Bxd5 36. Rxd5 Rc8 37. Rxe5 h6 38. g6 Qxc4+ 39. Qxc4 Rxc4+ 40. Kd2 fxg6 41. h5 Kf7 42. Kd3 Rf4 43. Ke3 Rf5 44. Rxf5+ gxf5 45. f4 g6 46. hxg6+ Kxg6 47. Kf3 Kf6 0-1

[Event "Mesa Copper State op"]
[Site "Mesa"]
[Date "2009.05.29"]
[Round "1"]
[White "Ippolito, Dean"]
[Black "Adelberg, David"]
[Result "1-0"]
[WhiteElo "2443"]
[BlackElo "2158"]
[PlyCount "69"]
[EventDate "2009.05.29"]
[EventType "swiss"]
[EventRounds "10"]
[EventCountry "USA"]
[SourceTitle "CBM 130 Extra"]
[Source "ChessBase"]
[SourceDate "2009.07.02"]
[SourceVersion "2"]
[SourceVersionDate "2009.07.15"]
[SourceQuality "1"]

1. d4 Nf6 2. c4 c5 3. d5 e6 4. Nc3 exd5 5. cxd5 d6 6. e4 g6 7. f4 Bg7 8. Bb5+ Nfd7 9. a4 0-0 10. Nf3 Na6 11. 0-0 Nb4 12. Re1 a6 13. Bf1 Re8 14. h3 Rb8 15. Be3 Nf6 16. Bf2 Nh5 17. g3 Nf6 18. Qd2 b6 19. Rad1 Bb7 20. g4 Nd7 21. Bg3 Qc7 22. Bc4 Rbd8 23. Qh2 Qb8 24. e5 Qa8 25. e6 fxe6 26. dxe6 d5 27. exd7 Rxe1+ 28. Bxe1 dxc4 29. Ne5 Nd3 30. Bh4 Bxe5 31. fxe5 Rxd7 32. e6 Rg7 33. Bf6 Bf3 34. Rf1 Ra7 35. Rxf3 1-0

[Event "Memorial Day Classic"]
[Site "Los Angeles"]
[Date "2009.05.25"]
[Round "5"]
[White "Peters, Jack"]
[Black "Adelberg, David"]
[Result "1/2-1/2"]
[WhiteElo "2390"]
[BlackElo "2158"]
[PlyCount "148"]
[EventDate "2009.05.23"]
[EventType "swiss"]
[EventRounds "6"]
[EventCountry "USA"]
[SourceTitle "CBM 130 Extra"]
[Source "ChessBase"]
[SourceDate "2009.07.02"]
[SourceVersion "2"]
[SourceVersionDate "2009.07.15"]
[SourceQuality "1"]

1. e4 c5 2. Nf3 d6 3. Nc3 Nf6 4. d4 cxd4 5. Nxd4 a6 6. a4 e6 7. f4 Be7 8. g3 Nc6 9. Bg2 Qc7 10. Nb3 b6 11. 0-0 0-0 12. g4 Nd7 13. g5 Re8 14. Be3 Rb8 15. Rf3 Bf8 16. h4 Na5 17. Nd2 Bb7 18. Rh3 d5 19. e5 Nc4 20. Nxc4 dxc4 21. Bxb7 Rxb7 22. Qf3 Nc5 23. Kf1 Rd8 24. Bxc5 Bxc5 25. Ne4 Rbb8 26. h5 Rd4 27. Re1 Kh8 28. Qg4 Qc6 29. f5 exf5 30. Qxf5 Qe6 31. Qxe6 fxe6 32. Rf3 Kg8 33. c3 Rd5 34. Nxc5 Rxc5 35. g6 hxg6 36. hxg6 Rf8 37. Kg2 Rd5 38. Re4 b5 39. axb5 axb5 40. Re2 Rdd8 41. Rxf8+ Kxf8 42. Rf2+ Ke8 43. Kf3 Rd3+ 44. Kf4 Rd1 45. Rh2 Rg1 46. Rh8+ Ke7 47. Rb8 Rxg6 48. Rxb5 Rg1 49. Rb7+ Kf8 50. Rb4 Rb1 51. Ke3 g5 52. Rxc4 Rxb2 53. Rg4 Ke7 54. Rxg5 Kd7 55. Rg4 Rb1 56. Rd4+ Ke7 57. Kd3 Rd1+ 58. Ke2 Rh1 59. Kd2 Rh5 60. Re4 Kd7 61. Kd3 Kc6 62. Kc4 Rg5 63. Kd4 Rg1 64. Re3 Rg4+ 65. Re4 Rg1 66. c4 Rd1+ 67. Ke3 Re1+ 68. Kd3 Rd1+ 69. Kc2 Rh1 70. Rd4 Kc5 71. Rd6 Kxc4 72. Rxe6 Kd5 73. Re8 Re1 74. Rd8+ Ke6 1/2-1/2

[Event "Memorial Day Classic"]
[Site "Los Angeles"]
[Date "2009.05.23"]
[Round "2"]
[White "Adelberg, David"]
[Black "Bryant, John Daniel"]
[Result "0-1"]
[WhiteElo "2158"]
[BlackElo "2292"]
[PlyCount "112"]
[EventDate "2009.05.23"]
[EventType "swiss"]
[EventRounds "6"]
[EventCountry "USA"]
[SourceTitle "CBM 130 Extra"]
[Source "ChessBase"]
[SourceDate "2009.07.02"]
[SourceVersion "2"]
[SourceVersionDate "2009.07.15"]
[SourceQuality "1"]

1. d4 c5 2. d5 e6 3. c4 exd5 4. cxd5 d6 5. Nc3 g6 6. e4 Bg7 7. Bd3 Nf6 8. Nge2 0-0 9. h3 Re8 10. 0-0 a6 11. a4 c4 12. Bxc4 Nxe4 13. Bd3 Nxc3 14. Nxc3 Nd7 15. Re1 Rxe1+ 16. Qxe1 Ne5 17. Bf1 Bf5 18. Bf4 Qh4 19. Qd2 Re8 20. a5 Qe7 21. Rc1 h5 22. Kh1 Qd7 23. b4 Rc8 24. b5 Nc4 25. Bxc4 Rxc4 26. bxa6 bxa6 27. Ne2 Be4 28. Kh2 Rxc1 29. Nxc1 Qb5 30. Bxd6 Bxd5 31. Nd3 Bxg2 32. Kxg2 Qd5+ 33. Kg1 Qxd6 34. Qc2 Qe6 35. Qc5 Qxh3 36. Qd5 Qg4+ 37. Kh2 h4 38. Qa8+ Kh7 39. Qxa6 Qf3 40. Qc4 g5 41. Kg1 Bc3 42. Nf4 gxf4 43. Qxf7+ Bg7 44. Qf5+ Kh6 45. Qe6+ Kg5 46. Qe7+ Bf6 47. Qc5+ Kg6 48. Qc2+ Kg7 49. Qc7+ Kh6 50. Qd6 Kg6 51. Qe6 h3 52. Qg8+ Bg7 53. Qe6+ Kg5 54. Qe7+ Bf6 55. Qc5+ Kg6 56. Qc2+ Kh6 0-1

[Event "North American op 18th"]
[Site "Las Vegas"]
[Date "2008.12.29"]
[Round "6"]
[White "Gallegos, Paul"]
[Black "Adelberg, David"]
[Result "1-0"]
[WhiteElo "2200"]
[BlackElo "2031"]
[PlyCount "114"]
[EventDate "2008.12.26"]
[EventType "swiss"]
[EventRounds "7"]
[EventCountry "USA"]
[SourceTitle "CBM 127 Extra"]
[Source "ChessBase"]
[SourceDate "2009.01.08"]
[SourceVersion "2"]
[SourceVersionDate "2009.01.28"]
[SourceQuality "1"]

1. e4 c5 2. Nf3 d6 3. d4 cxd4 4. Nxd4 Nf6 5. Nc3 a6 6. Bc4 e6 7. 0-0 b5 8. Bb3 Be7 9. Qf3 Qc7 10. Qg3 Nc6 11. Nf5 exf5 12. Qxg7 Rf8 13. Bg5 b4 14. Bxf6 bxc3 15. Bxc3 f4 16. Qxh7 Ne5 17. f3 Bd7 18. Rad1 Bb5 19. Rfe1 Bf6 20. Qf5 Qe7 21. Bb4 Rd8 22. Ba5 Rb8 23. Bc7 Qxc7 24. Qxf6 Rd8 25. Qxf4 Rg8 26. Rd2 Qa7+ 27. Kh1 Qe7 28. Red1 Rg6 29. a4 Bc6 30. Rd4 Kf8 31. Bd5 Kg7 32. Bxc6 Nxc6 33. R4d2 Ne5 34. b3 Rb8 35. Qe3 Rb7 36. Qd4 Qh4 37. g3 Qh5 38. f4 Qf3+ 39. Kg1 Rb4 40. Qf2 Qxf2+ 41. Kxf2 Ng4+ 42. Kf3 Nf6 43. Rd4 Rxd4 44. Rxd4 Ne8 45. b4 Kf6 46. Rc4 Ke7 47. Rc6 d5 48. exd5 Rxc6 49. dxc6 Kd6 50. b5 axb5 51. axb5 Kc5 52. c4 Nd6 53. h4 Nxc4 54. c7 Nd6 55. h5 Kb6 56. c8Q Nxc8 57. h6 Ne7 1-0